| 000 -CABECERA |
| Campo de control de longitud fija |
01124nam a22002057a 4500 |
| 003 - IDENTIFICADOR DEL NÚMERO DE CONTROL |
| Campo de control |
AR-BaUME |
| 005 - FECHA Y HORA DE LA ÚLTIMA TRANSACCIÓN |
| Campo de control |
20230704125706.0 |
| 008 - CÓDIGOS DE INFORMACIÓN DE LONGITUD FIJA |
| Campo de control de longitud fija |
191119b ||||| |||| 00| 0 spa d |
| 020 ## - NÚMERO INTERNACIONAL NORMALIZADO PARA LIBROS (ISBN) |
| Número Internacional Normalizado para Libros (ISBN) |
9789503418185 |
| 040 ## - FUENTE DE LA CATALOGACIÓN |
| Centro catalogador de origen |
UMET Biblioteca |
| Lengua de catalogación |
spa |
| Centro transcriptor |
UMET Biblioteca |
| 100 ## - PUNTO DE ACCESO PRINCIPAL - NOMBRE DE PERSONA |
| Nombre de persona |
Levoratti, Alejo |
| 9 (RLIN) |
8609 |
| 245 ## - MENCIÓN DE TÍTULO |
| Título |
Los estudiantes del profesorado en educación física : |
| Resto del título |
Ingreso y egreso a la educación superior / |
| Mención de responsabilidad etc. |
Alejo Levoratti |
| 260 ## - PUBLICATION, DISTRIBUTION, ETC. (IMPRINT) |
| Lugar de publicación distribución etc. |
Buenos Aires : |
| Nombre del editor distribuidor etc. |
Universidad Nacional de La Plata, |
| Fecha de publicación distribución etc. |
2019. |
| 300 ## - DESCRIPCIÓN FÍSICA |
| Extensión |
112 pag. : |
| Otras características físicas |
graf. , tablas ; |
| Dimensiones |
20 cm. |
| 520 ## - NOTA DE SUMARIO; ETC. |
| Sumario etc. |
El presente libro busca realizar una aproximación a la población que se inscribió en los profesorados de Educación Física en la provincia de Buenos Aires. A tal efecto se analizaron los casos de estudiantes que transitaron su formación en universidades nacionales y en institutos de formación docente de gestión pública y privada, abriendo interrogantes para reflexionar sobre la formación superior. |
| 650 #0 - PUNTO DE ACCESO ADICIONAL DE MATERIA - TÉRMINO DE MATERIA |
| Término de materia o nombre geográfico como elemento inicial |
Educación física |
| 9 (RLIN) |
66 |
| 650 #0 - PUNTO DE ACCESO ADICIONAL DE MATERIA - TÉRMINO DE MATERIA |
| Término de materia o nombre geográfico como elemento inicial |
Educación superior |
| 9 (RLIN) |
8036 |
| 650 #0 - PUNTO DE ACCESO ADICIONAL DE MATERIA - TÉRMINO DE MATERIA |
| 9 (RLIN) |
7709 |
| Término de materia o nombre geográfico como elemento inicial |
Investigación social |
| 942 ## - ENTRADA PARA ELEMENTOS AGREGADOS (KOHA) |
| Fuente de clasificación o esquema de ordenación en estanterías |
|
| Koha [por defecto] tipo de item |
LIBRO |
| Koha préstamos (prestados) |
1 |